Medium test One piece - Statistiques

Statistiques générales
  • Ce quiz a été pris 164 fois
  • Le résultat moyen est 11 sur 15
Statistiques - réponses
Questions Réponses % Correct
Combien d'amiraux Marco a affronté a Marine Ford ? 3
99%
Combien d'épées zoro a-t 'il obtenu au total ? 7
98%
Quel est la durée du combat entre aokiji et akainu ? 10 Jours
89%
Combien de corsaire il y'a eu au total ? 12
89%
Comment s'appel la femme marine très proche de smoker ? Tashigi
89%
Quel est l'arc après Wano ? Egghead
85%
Comment s'appel le traitre parmis les fourreaux rouges ? Kanjuro
82%
Comment s'appel la fille du CP9 ? Khalifa
76%
Qui est le détenteur du fruit de la neige ? Monnet
76%
Quel grand corsaire a finis en prison malgré son statut ? Jinbei
72%
Quel est le nom de Mr 3 ? Galdino
70%
Qui a créer galley-la-compagny ? Icebarg
70%
Quel forme de luffy a battu oz ? Nightamre luffy
68%
Quel est l'espèce la moins en sécurité due au racisme ? Les sirènes
43%
Quel est le nom de l'épée de Mihawk ? Kokuto Yoru
34%
Aucun quiz correspondant
Distribution des résultats
% des personnes avec chaque résultat
Percentile par nombre de réponses
Votre historique - résultats
Vous n’avez pas pris ce quiz